The noble scholar, jurist, historian


 His Excellency Dr. Abdul Wahhab bin Ibrahim Abu Sulaiman, may Allah have mercy on him.


 He was born in Umm Al-Qura in the year 1356 AH.

ثلاث وثائق في محاربة الأهواء والبدع في الأندلس مستخرجة من مخطوط الأحكام الكبرى / (Record no. 3750)

MARC details
000 -LEADER
fixed length control field 01740cam a2200313 i 4500
003 - CONTROL NUMBER IDENTIFIER
control field SA-RiAUC
005 - DATE AND TIME OF LATEST TRANSACTION
control field 20241222063020.0
008 - FIXED-LENGTH DATA ELEMENTS--GENERAL INFORMATION
fixed length control field 241218s1981 ua g 000 0 ara c
040 ## - CATALOGING SOURCE
Original cataloging agency QA-DoQUL
Language of cataloging ara
Transcribing agency SA-RiAUC
Description conventions rda
082 0# - DEWEY DECIMAL CLASSIFICATION NUMBER
Classification number 218
Item number 21
090 ## - LOCALLY ASSIGNED LC-TYPE CALL NUMBER (OCLC); LOCAL CALL NUMBER (RLIN)
Classification number (OCLC) (R) ; Classification number, CALL (RLIN) (NR) 218
Local cutter number (OCLC) ; Book number/undivided call number, CALL (RLIN) ا ب و ا
100 1# - MAIN ENTRY--PERSONAL NAME
Personal name أبو الأصبغ، عيسى بن سهل بن عبد الله،
Dates associated with a name 413-486 هجري
Relator term مؤلف.
245 10 - TITLE STATEMENT
Title ثلاث وثائق في محاربة الأهواء والبدع في الأندلس مستخرجة من مخطوط الأحكام الكبرى /
Statement of responsibility, etc. أبو الأصبغ عيسى بن سهل الأندلسي ؛ دراسة وتحقيق محمد عبد الوهاب خلاف ؛ مراجعة وتقديم محمود علي مكي، مصطفى كامل إسماعيل.
246 3# - VARYING FORM OF TITLE
Title proper/short title 3 وثائق في محاربة الأهواء والبدع في الأندلس مستخرجة من مخطوط الأحكام الكبرى
264 #1 - PRODUCTION, PUBLICATION, DISTRIBUTION, MANUFACTURE, AND COPYRIGHT NOTICE
Place of production, publication, distribution, manufacture القاهرة :
Name of producer, publisher, distributor, manufacturer المركز العربي للدول الإعلامي،
Date of production, publication, distribution, manufacture, or copyright notice 1981
300 ## - PHYSICAL DESCRIPTION
Extent 167 صفحة ؛
Dimensions 24 سم
336 ## - CONTENT TYPE
Content type term نص
Content type code txt
Source rdacontent
Materials specified كتاب
337 ## - MEDIA TYPE
Media type term بدون وسيط
Media type code n
Source rdamedia
338 ## - CARRIER TYPE
Carrier type term مجلد
Carrier type code nc
Source rdacarrier
650 #7 - SUBJECT ADDED ENTRY--TOPICAL TERM
Topical term or geographic name entry element البدع في الإسلام
Source of heading or term aucsh
650 #7 - SUBJECT ADDED ENTRY--TOPICAL TERM
Topical term or geographic name entry element النوازل (أصول فقه)
Source of heading or term aucsh
700 1# - ADDED ENTRY--PERSONAL NAME
Personal name خلاف، محمد عبد الوهاب
Relator term محقق.
700 1# - ADDED ENTRY--PERSONAL NAME
Personal name إسماعيل، مصطفى كامل
Relator term مراجع.
700 1# - ADDED ENTRY--PERSONAL NAME
Personal name مكي، محمود علي،
Dates associated with a name 1929-2013
Relator term مراجع.
740 22 - ADDED ENTRY--UNCONTROLLED RELATED/ANALYTICAL TITLE
Uncontrolled related/analytical title ديوان الأحكام الكبرى، أو، النوازل والأعلام لابن سهل.
740 22 - ADDED ENTRY--UNCONTROLLED RELATED/ANALYTICAL TITLE
Uncontrolled related/analytical title النوازل والأعلام لابن سهل.
942 ## - ADDED ENTRY ELEMENTS (KOHA)
Source of classification or shelving scheme Dewey Decimal Classification
Koha item type Books
Suppress in OPAC No
949 ## - LOCAL PROCESSING INFORMATION (OCLC)
a SA-JeALM
d 241218
u osman123
n 1
Holdings
Withdrawn status Lost status Source of classification or shelving scheme Damaged status Not for loan Home library Current library Date acquired Total checkouts Full call number Barcode Date last seen Price effective from Koha item type
    Dewey Decimal Classification     DR AbdElwahab Library DR AbdElwahab Library 12/22/2024   218 ا ب و ا 000005899 12/22/2024 12/22/2024 Books